Online Catalogue and eLibrary

The Spivak reader : (Record no. 29)

MARC details
000 -LEADER
fixed length control field 00863cam a2200277 a 4500
001 - CONTROL NUMBER
control field 4925223
005 - DATE AND TIME OF LATEST TRANSACTION
control field 20231119231038.0
008 - FIXED-LENGTH DATA ELEMENTS--GENERAL INFORMATION
fixed length control field 950515s1996 nyu b 001 0 eng
020 ## - INTERNATIONAL STANDARD BOOK NUMBER
ISBN 0415910005 (cloth)
020 ## - INTERNATIONAL STANDARD BOOK NUMBER
ISBN 0415910013 (pbk.)
040 ## - CATALOGING SOURCE (பட்டியலாக்க மூலம்)
Original cataloging agency DLC
Transcribing agency DLC
Modifying agency DLC
082 00 - DDC Classification
Class No. 306
DDC Edition Number 20
Item Number - Author Mark GAY
100 1# - MAIN ENTRY--PERSONAL NAME
Personal name Spivak, Gayatri Chakravorty.
245 14 - TITLE STATEMENT
Title The Spivak reader :
Remainder of title selected works of Gayatri Chakravorty Spivak /
Statement of responsibility, etc. edited by Donna Landry and Gerald MacLean.
260 ## - PUBLICATION, DISTRIBUTION, ETC.
Place of publication, distribution, etc. New York :
Name of publisher, distributor, etc. Routledge,
Date of publication, distribution, etc. 1996.
300 ## - PHYSICAL DESCRIPTION
Extent (e.g. Volumes, Pages etc.) 334 p. ;
650 #0 - SUBJECT ADDED ENTRY--TOPICAL TERM
Topical term or geographic name entry element Culture.
650 #0 - SUBJECT ADDED ENTRY--TOPICAL TERM
Topical term or geographic name entry element Social history.
650 #0 - SUBJECT ADDED ENTRY--TOPICAL TERM
Topical term or geographic name entry element Feminist theory.
650 #0 - SUBJECT ADDED ENTRY--TOPICAL TERM
Topical term or geographic name entry element Feminist criticism.
650 #0 - SUBJECT ADDED ENTRY--TOPICAL TERM
Topical term or geographic name entry element Feminism and literature.
700 1# - ADDED ENTRY--PERSONAL NAME
Personal name Landry, Donna.
Relator term (Role) Editor
700 1# - ADDED ENTRY--PERSONAL NAME
Personal name MacLean, Gerald M.,
Relator term (Role) Editor
856 42 - ELECTRONIC LOCATION AND ACCESS
Uniform Resource Identifier <a href="http://www.loc.gov/catdir/enhancements/fy0651/95022222-d.html">http://www.loc.gov/catdir/enhancements/fy0651/95022222-d.html</a>
942 ## - Koha item type (Biblio)
Koha item type Books in Stacks (Lending)
Holdings
Lost status Damaged status Collection code Home library Current library Date acquired Full call number Accession Number Item type
    Lending WERC Library WERC Library 11/20/2023 306 GAY 2132 Books in Stacks (Lending)

© WERC Library